Metallica Lyrics – #13: For Whom the Bell Tolls - Statistics

General Stats
  • This quiz has been taken 69 times
  • The average score is 94 of 148
Answer Stats
Answer % Correct
the
100%
be
98%
be,
98%
to
98%
bell
95%
for
95%
For
95%
tolls
95%
whom
95%
on
93%
On
93%
time
91%
Time
91%
a
84%
die
82%
marches
82%
hill
80%
in
80%
day
77%
early
75%
fight
75%
will
73%
Make
70%
It's
68%
not
68%
they
68%
They
68%
you
68%
do
64%
just
64%
know
64%
last
64%
look
64%
men
64%
Men
64%
of
64%
sky
64%
before
61%
Take
61%
Why?
61%
eyes
59%
inside
59%
kill
59%
right,
59%
alive
57%
deep
57%
what
57%
would
57%
see
55%
so
55%
their
55%
chill
52%
his
52%
run
52%
surely
52%
through
52%
Constant
50%
gun
50%
say?
50%
still
50%
who's
50%
but
48%
from
48%
Gone
48%
gone
48%
now
48%
Now
48%
all
45%
crumbling
45%
is
45%
silence
45%
that
45%
yes,
45%
blinded
43%
five,
43%
Hear
43%
loud
43%
pain
43%
raging
43%
endless
41%
except
41%
pride
41%
roar,
41%
test
41%
this
41%
fills
39%
insane
39%
with
39%
wounds
39%
cry
36%
Blackened
34%
mystery
34%
Shouting
34%
dawn,
32%
grey
32%
ruthless
32%
glow
30%
massive
30%
soul
30%
are
27%
Stranger
27%
Crack
25%
Stiffened
23%
Shattered
18%
goal
11%
No matching quizzes found
Score Distribution
Percent of People with Each Score
Percentile by Number Answered
Your Score History
You have not taken this quiz